00903nam a22002177a 4500003000900000005001700009008003400026020001800060040002200078082002400100100004000124245013200164260005700296300001900353490001400372534006500386600007400451600006800525600006700593700002500660DO-SdBNP20230517145734.0151118b 2008 mx |||| 00| 0 spa d a9788483068076 aBPMSUbspacBPMSU 4a920bB562c 20082221 aBetancourt Pulecio, Ingrid, d1961-10aCartas a mamá : bdesde el infierno /cIngrid Betancourt, Mélanie y Lorenzo Delloye-Betancourt ; prefacio de Élie Wiesel. aBarcelona :bRandom House Mondadori : Debate,c2008. a76 p. ;c19 cm0 aPúblico aTítulo original : tLettres à maman par-delà l'enfer. 14aBetancourt Pulecio, Ingrid, d1961-xCorrespondencia, memorias, etc. 14aDelloye-Betancourt, Mélanie xCorrespondencia, memorias, etc 14aDelloye-Betancourt, LorenzoxCorrespondencia, memorias, etc. 1 aWiesel, Elie,d1928-